000 01029cab a2200289 4500
001 ABS53683
008 090401t1995 xxu||||| |||| 00| 0 eng d
035 _a(Sirsi) u5884
041 _aeng
245 _aCost model: learning resource centres
260 _c1995
350 _a0
490 _aBuilding
_v260(7913) 20 October 1995, 60-67(8)
520 _aProvides a cost model for learning resource centres. Includes complete design/construction programme for four-storey example. Considers design considerations using information technology in university libraries.
650 _aBUILT ENVIRONMENT-BUILDING COSTS
650 _aCONSTRUCTION PROGRAMMES
650 _aCOST MODELS
650 _aDESIGN PROGRAMMES
650 _aMANAGEMENT-BUSINESS MANAGEMENT-INFORMATION MANAGEMENT
650 _aLEARNING RESOURCE CENTRES
650 _aLIBRARIES
650 _aProcurement-old
690 _aBUILT ENVIRONMENT-BUILDING COSTS
690 _aBUILT ENVIRONMENT-CONSTRUCTION DESIGN
942 _n0
948 _c04/03/1997
999 _c3519
_d3519